| 000 | 01205nam a2200241Ia 4500 | ||
|---|---|---|---|
| 003 | Ost | ||
| 005 | 20260507075617.0 | ||
| 008 | 260507s9999||||xx |||||||||||||| ||und|| | ||
| 020 | _a9789961020487 | ||
| 040 | _cfsecg | ||
| 041 | _aara | ||
| 082 | _a332 | ||
| 100 |
_aبوفاسة، سليمان _eمؤلف |
||
| 245 | 0 |
_aأساسيات في الاقتصاد التقدي المصرفي / _c سليمان بوفاسة |
|
| 260 |
_aالجزائر: _bديوان المطبوعات الجامعية, _c2018 |
||
| 300 |
_a311 صفحة؛ _bإيضاحات ؛ _c22 سم |
||
| 504 | _aمراجع ص.297 قائمة الأشكال ص.305 | ||
| 520 | _aتناول هذا الكتاب أساسيات في الاقتصاد النقدي والمصرفي، حيث تناول مفاهيم أساسية حول النقود وقيمتها، والنظريات والسياسات النقدية، بالاضافة الى الوساطة المالية ومؤسساتها ، والبنوك التقليدية ، وفي الاخير تحدث عن البنوك الاسلامية | ||
| 653 | _aالإقتصاد المالي | ||
| 653 | _aالنظام المصرفي | ||
| 653 | _aالنقود | ||
| 942 | _cكتاب | ||
| 999 |
_c45120 _d45120 |
||